ALL Manchester United trophies - Statistics

General Stats
  • This quiz has been taken 93 times
  • The average score is 7 of 11
Answer Stats
Amount Trophy % Correct
20 Premier League
100%
12 FA cup
97%
3 Champions league
95%
6 The League Cup / Carabao Cup
91%
1 Europa league
86%
21 English Supercup / Community Shield
75%
1 UEFA Supercup
64%
1 Club World Cup
47%
1 Cup Winners Cup
32%
1 Intercontinental Cup
21%
2 English Second Tier
0%
No matching quizzes found
Score Distribution
Percent of People with Each Score
Percentile by Number Answered
Your Score History
You have not taken this quiz